Postup tvorby hodnotovo orientovaných cien dominantnou firmou

Proces hodnotovo orientovanej cenotvorby. Segmentácia v hodnotovo orientovanej cenotvorbe. Hodnotovo orientované cenové rozhodovanie. Hodnotovo orientovaná komunikácia ceny a hodnoty. Hodnotovo orientovaná cenotvorba a cena.

Uložené v:
Podrobná bibliografia
Hlavný autor: Kintler, Jakub, 1979-
Médium: Kapitola
Jazyk:Slovak
Predmet:
Tagy: Pridať tag
Žiadne tagy, Buďte prvý, kto otaguje tento záznam!

MARC

LEADER 00000nla a2200000 4500
001 0167652
005 20240603074006.9
041 0 |a slo 
044 |a SK 
245 1 0 |a Postup tvorby hodnotovo orientovaných cien dominantnou firmou  |c Jakub Kintler 
520 |a Proces hodnotovo orientovanej cenotvorby. Segmentácia v hodnotovo orientovanej cenotvorbe. Hodnotovo orientované cenové rozhodovanie. Hodnotovo orientovaná komunikácia ceny a hodnoty. Hodnotovo orientovaná cenotvorba a cena. 
610 2 0 |a tvorba cien 
610 2 0 |a ceny 
610 2 0 |a hodnota 
610 2 0 |a segmentácia 
610 2 0 |a spotrebitelia 
610 2 0 |a správanie spotrebiteľa 
610 2 0 |a firmy 
610 2 0 |a marketing 
610 2 0 |a komunikácia 
100 1 |a Kintler, Jakub, 1979-